Learning teaching: the essential guide to English language teaching

Guardat en:
Dades bibliogràfiques
Autor principal: Scrivener, Jim (Autor)
Format: Llibre
Idioma:anglès
Publicat: Londres Macmillan Education 2011
Edició:3a. ed
Col·lecció:Macmillan Books for Teachers
Matèries:
Etiquetes: Afegir etiqueta
Sense etiquetes, Sigues el primer a etiquetar aquest registre!

MARC

LEADER 00000cam a2200000 a 4500
001 UCC3071
003 CL-VaPUC
008 180413e20110000uk |||||||||||||||||eng|d
020 |a 9780230729841 
082 0 4 |a 428.24071  |b SCR  |2 21 
100 0 |a Scrivener, Jim  |e author  |9 597131 
245 1 0 |a Learning teaching: the essential guide to English language teaching 
250 |a 3a. ed 
300 |a 414 p 
942 |c BK 
945 |d 20180413 15:45:00  |a dcastane 
260 |a Londres  |b Macmillan Education  |c 2011 
650 0 |a Enseñanza del inglés  |9 367340 
650 0 |a Estudio y enseñanza  |9 270395 
583 |a last modification  |c 20180413 15:45:00  |k Rodrigo Vera 
490 0 |a Macmillan Books for Teachers 
999 |c 370930  |d 370928 
952 |0 0  |1 0  |3 erb  |4 0  |6 428_240710000000000_SCR_2011  |7 0  |8 A  |9 487707  |a BIBEDU  |b BIBEDU  |i 546496K  |o 428.24071 SCR 2011  |p 546496K  |r 2019-11-24  |w 2019-11-24  |y BK  |z Catalogado en:20180413  |k LIT 
952 |0 0  |1 0  |3 erb  |4 0  |6 428_240710000000000_SCR_2011  |7 0  |8 A  |9 487708  |a BIBEDU  |b BIBEDU  |i 5466679  |l 2  |o 428.24071 SCR 2011  |p 5466679  |r 2025-04-14  |s 2025-03-11  |w 2019-11-24  |y BK  |z Catalogado en:20180422  |k LIT 
952 |0 0  |1 0  |3 erb  |4 0  |6 428_240710000000000_SCR_2011  |7 0  |8 A  |9 487709  |a BIBEDU  |b BIBEDU  |i 5466660  |l 3  |m 1  |o 428.24071 SCR 2011  |p 5466660  |r 2023-07-04  |s 2023-07-04  |w 2019-11-24  |y BK  |z Catalogado en:20180422  |k LIT 
952 |0 0  |1 0  |3 erb  |4 0  |6 428_240710000000000_SCR_2011  |7 0  |8 A  |9 487710  |a BIBEDU  |b BIBEDU  |i 5466652  |l 1  |o 428.24071 SCR 2011  |p 5466652  |r 2024-12-19  |s 2024-12-09  |w 2019-11-24  |y BK  |z Catalogado en:20180422  |k LIT